[Event "ESP-chT 1st Division 2020"]
[Site "Padron"]
[Date "2020.10.06"]
[Round "4.24"]
[White "Castillo Escario, Yolanda"]
[Black "Hernandez Estevez, Yudania"]
[Result "0-1"]
[WhiteElo "2006"]
[BlackElo "2197"]
[Annotator "TA"]
[PlyCount "92"]
[EventDate "2020.10.01"]
[EventType "team-tourn"]
[EventCountry "ESP"]
[SourceTitle "playchess.com"]
[Source "ChessBase"]
[SourceQuality "1"]

{[%evp 12,92,18,0,30,6,9,6,10,12,10,5,37,30,29,0,21,0,0,0,3,-26,-5,-97,-105,-169,-170,-151,-152,-159,-168,-180,-125,-306,-269,-276,-292,-278,-282,-440,-468,-458,-412,-416,-270,-260,-212,-218,-218,-272,-18,-22,16,-357,-349,-341,-341,-312,-288,-399,-169,-479,-469,-509,-336,-287,-281,-372,-261,-596,-587,-1272,-1262,-1224,-1181,-1075,-1066,-1066,-1031,-29973,-29974,-29973,-29973]} 1. e4 c6 2. Nf3 d5 3. Nc3 Bg4 4. h3 Bxf3 5. Qxf3 e6 6. d3 Nd7 7. a3 g6 {B11: Caro-Kann: Two Knights Variation.} 8. g3 Bg7 9. Bg2 Ne7 {The position is equal.} 10. O-O O-O 11. Qe2 d4 12. Nb1 e5 13. f4 f5 {[#]} 14. a4 $146 ({Predecessor:} 14. Nd2 exf4 15. gxf4 Qc7 16. e5 Nc5 17. Nf3 Ne6 18. h4 h5 19. Bd2 Bh6 20. Qf2 {1-0 (58) Nekrasov,M (2305)-Daeubler,H (2142) Hamburg 2018}) 14... Qc7 15. Na3 Rae8 16. Rb1 Nc8 17. Qd1 (17. c3 $11) 17... Nd6 $17 18. Nc4 (18. c3 $17) 18... Nxc4 $19 19. dxc4 fxe4 $1 20. Bxe4 Nf6 {[%cal Bd7f6,Bf6h5,Bh5f4][%mdl 32]} 21. Bg2 {[#]} Nh5 $1 {[%mdl 64] Double Attack} 22. fxe5 $2 (22. Qg4 $17) 22... Bxe5 23. Rxf8+ Rxf8 24. Bh6 Rf7 (24... Nxg3 25. Bxf8 Kxf8 26. Qf3+ Bf4 27. Bf1 $11) 25. Bf4 (25. Qg4 {is the only way for White.} Bxg3 26. Bf3) 25... Bxf4 (25... Nxf4 $2 26. gxf4 Rxf4 27. Qd2 $19) 26. gxf4 Nxf4 (26... Qxf4 $2 27. Qe2 $19) 27. Qd2 Qe5 {White must now prevent ...Ne2+.} 28. Re1 Qg5 29. Kh2 h5 30. Bf1 {[#]} Qh4 $2 (30... Nxh3 $1 $19 {[%mdl 512] ( -> ...Qg1+)} 31. Qxg5 (31. Bxh3 Qxd2+) 31... Nxg5) 31. Re8+ $11 Kh7 32. Bg2 $2 {[%mdl 8192] [#] Black converts the advantage convincingly.} (32. Qxd4 $11 Rf6 33. Qd7+ (33. Qxa7 $2 Nxh3 {[%mdl 64] Discovered Attack} 34. Bxh3 Rf2+ 35. Qxf2 Qxf2+ 36. Bg2 Kh6 $19) 33... Kh6 34. Rh8+ Kg5 35. Qd2 (35. Qd4 Qe1 $11)) 32... Nxh3 $1 $19 {[%mdl 512]} 33. Qe1 (33. Bxh3 Rf2+) 33... Qxe1 ({Don't do} 33... Nf2+ 34. Kg1) 34. Rxe1 {[%mdl 4096] Endgame KRB-KRN} Nf2 35. Kg3 Kg7 (35... g5 $142 {Threatens to win with ...h4+.} 36. Bf3 h4+ 37. Kxf2 g4 {[%mdl 64] Pin}) 36. b4 $2 (36. Bf3 {nothing else works.} Nh3 37. Bxh5) 36... g5 37. Bf3 g4 38. Bg2 {[#]} Nh3 $1 39. Re5 (39. Bxh3 Rf3+) 39... Nf4 {Strongly threatening ...h4+!} 40. Re4 $2 {[#]} (40. Be4 {is tougher.}) 40... h4+ $1 {[%mdl 64] Deflection} 41. Kxh4 Nxg2+ 42. Kxg4 {KRN-KR} Ne3+ {[%mdl 64] Double Attack} 43. Kg5 Rf5+ 44. Kh4 Kg6 45. Rxd4 Rh5+ 46. Kg3 Nf5+ {[%mdl 64] Double Attack. Accuracy: White = 32%, Black = 64%.} 0-1

[Event "ESP-chT 1st Division 2020"]
[Site "Padron"]
[Date "2020.10.07"]
[Round "5.1"]
[White "Alsina Leal, Daniel"]
[Black "Adla, Diego"]
[Result "1/2-1/2"]
[WhiteElo "2494"]
[BlackElo "2438"]
[Annotator "TA"]
[PlyCount "221"]
[EventDate "2020.10.01"]
[EventType "team-tourn"]
[EventCountry "ESP"]
[SourceTitle "playchess.com"]
[Source "ChessBase"]
[SourceQuality "1"]

{[%evp 18,221,64,61,68,4,9,0,0,0,41,23,43,23,37,10,38,0,0,0,16,17,12,19,15,16,14,22,15,20,31,19,18,21,25,35,65,81,91,97,134,0,111,102,100,102,63,61,41,0,0,0,0,-59,-58,-45,13,13,93,104,154,0,0,0,0,0,0,0,0,0,0,0,0,0,0,0,0,0,0,0,0,0,0,0,0,0,0,0,8,8,8,8,8,8,8,8,8,8,8,8,8,8,8,8,8,8,8,8,8,8,8,8,8,8,8,8,8,0,8,8,8,8,8,8,8,0,8,8,8,8,8,8,8,8,8,8,8,8,8,8,8,8,8,8,8,8,8,8,8,8,8,8,8,8,8,8,0,0,8,8,8,8,8,0,8,0,8,0,0,0,0,0,8,0,0,0,0,0,0,0,0,0,0,0,0,0,0,0,0,0,0,0,0,0,0,0,0,0,0,0,0,0,0,0,0,0]} 1. e4 c5 2. Nf3 e6 3. d4 cxd4 4. Nxd4 Nf6 5. Nc3 d6 6. g4 e5 7. Bb5+ Bd7 8. Bxd7+ Qxd7 9. Nf5 h5 10. gxh5 Nxh5 {B81: Sicilian Scheveningen: Keres Attack.} 11. Qf3 ({White should try} 11. Ng3 $14 Qh3 12. Qf3) 11... Nc6 $11 12. Be3 g6 13. Ng3 O-O-O (13... Nf4 $5) 14. O-O-O Kb8 15. Kb1 Qe6 {[#]} 16. Rd2 $146 ({Predecessor:} 16. Nd5 Bg7 17. h4 Rh7 18. Rd3 Nxg3 19. fxg3 f5 20. Rhd1 Bf8 21. Ra3 b6 22. Qf1 {½-½ (55) Kalogridakis,T (1728)-Papadopoulos,A (1927) Achaia 2013}) 16... Rc8 17. Rhd1 Nf6 18. h4 Be7 19. Nd5 Qg4 20. Bxa7+ Nxa7 21. Qxg4 Nxg4 22. Nxe7 Rce8 23. Nd5 $36 {[%mdl 2048] And now f3 would win. White is more active.} Rxh4 24. Nf1 Reh8 25. a4 Nc6 26. c3 Na5 27. Kc2 Rh3 28. Nfe3 R8h4 29. Ng2 (29. b4 $16 Nxe3+ {[%mdl 64] Remove Defender} 30. Nxe3 Rxe3 {[%mdl 64] Remove Defender} 31. fxe3) 29... Rh6 {[#]} (29... Rh8 $11) 30. Nde3 $1 $16 {[%cal Re3g4]} Nf6 31. Rxd6 Nxe4 32. Rd8+ Ka7 33. Rf8 Rf3 $1 {[%cal Rf3f2]} ({Wrong is} 33... Nxf2 $2 34. Rdd8 $18 (34. Rd5 Nc6 $14)) 34. Ng4 {Ne1 is the strong threat.} Rhh3 {Threatens to win with ...f5.} 35. Ne1 (35. Rd5 $11 Nc6 36. Ne1) 35... Rf4 $15 {Hoping for ...f5.} 36. f3 Ng5 (36... f5 $1 $15 37. Nxe5 (37. Rd5 $2 Nc4 $19) 37... Rh2+ 38. Kd3 g5) 37. Nxe5 $11 Rf5 {[#]} (37... Rxa4 $11 38. Re8 Rh2+ 39. Rd2 Rah4) 38. Re8 $1 $16 Rh2+ 39. Rd2 $2 (39. Kb1 $16) 39... Rxd2+ $11 {The position is equal.} 40. Kxd2 Rxe5 $1 {[%mdl 64] Remove Defender, Decoy} 41. Rxe5 {[%mdl 4096] Endgame KRN-KNN} Nc4+ {[%mdl 64] Double Attack} 42. Ke2 Nxe5 43. f4 {[%mdl 64] Double Attack} Nc4 {White must now prevent ...Ne6.} 44. fxg5 {Strongly threatening b3.} Nxb2 {KN-KN} 45. a5 Ka6 46. Nf3 Kxa5 47. Ne5 Kb5 48. Nxf7 Kc4 49. Ne5+ Kxc3 50. Nxg6 {aiming for Nf4.} Nd3 51. Ke3 b5 52. Ne7 b4 53. g6 Ne5 54. g7 Ng4+ 55. Kf4 Nh6 56. Kg5 b3 57. Kxh6 {KN-KP} b2 58. g8=Q b1=Q 59. Qc8+ Kd2 60. Nf5 Qe4 61. Kg5 Qg2+ 62. Kf6 Qd5 63. Qc7 Qd3 64. Qf4+ Kc3 65. Qe5+ Kb3 66. Qb8+ Kc2 67. Qf4 Qd8+ 68. Ke5 Qe8+ (68... Qh8+ {feels hotter.} 69. Ke4 Qh7 70. Qe5 Kb3 71. Qd4 Ka2) 69. Kd5 Qa8+ 70. Ke6 Qc8+ 71. Kf6 Qh8+ 72. Kg5 Qd8+ 73. Kg4 {White threatens Nd4+ and mate.} Qd1+ 74. Kh4 Qh1+ 75. Kg5 Qg2+ 76. Kf6 Qc6+ (76... Qg8 {keeps more tension.} 77. Qf2+ Kb1 78. Qe1+ Kc2 79. Qe4+ Kb3) 77. Nd6 Qd5 78. Ne4 Qd8+ 79. Kg6 Qg8+ 80. Kh5 Qe8+ 81. Kg4 Qd7+ 82. Kf3 Qd3+ 83. Kf2 Qd4+ 84. Kg2 Kb2 85. Qb8+ Kc2 86. Qc7+ Kb1 87. Kf3 Kb2 88. Qb7+ Kc2 89. Qc6+ Kb2 90. Ke2 Ka3 91. Nd2 {Qf3+ would kill now.} Qg4+ 92. Kd3 {Threatening mate with Nc4+.} Qf5+ 93. Kd4 {White wants to mate with Qc3+.} Qg4+ 94. Kc3 {Intending Qd6+ and mate.} Qh3+ 95. Kc2 Qf5+ 96. Ne4 (96. Kd1 {seems wilder.} Qd3 97. Qc1+ Ka4 98. Qc5 Qe2+ 99. Kxe2) 96... Kb4 97. Qc3+ Kb5 98. Qd3+ Kb6 99. Qd4+ Kc6 100. Qd6+ Kb5 101. Qb8+ Kc6 102. Qa8+ Kb6 103. Kd3 Qd7+ 104. Ke3 Qh3+ 105. Kd4 Qd7+ 106. Ke5 Qe7+ 107. Kf5 Qd7+ 108. Kg5 Qg7+ 109. Kf4 Qc7+ 110. Ke3 Qc1+ 111. Kd4 {Accuracy: White = 91%, Black = 90%.} 1/2-1/2

[Event "ESP-chT 1st Division 2020"]
[Site "Padron"]
[Date "2020.10.07"]
[Round "5.2"]
[White "Glavina, Pablo"]
[Black "Alonso Moyano, Jonathan"]
[Result "1-0"]
[WhiteElo "2412"]
[BlackElo "2334"]
[Annotator "TA"]
[PlyCount "97"]
[EventDate "2020.10.01"]
[EventType "team-tourn"]
[EventCountry "ESP"]
[SourceTitle "playchess.com"]
[Source "ChessBase"]
[SourceQuality "1"]

{[%evp 9,97,0,0,0,10,-18,-15,-12,0,-8,0,0,0,0,0,0,17,6,2,0,22,0,40,37,31,20,54,42,80,29,96,63,150,162,161,196,180,191,173,175,197,193,182,141,140,153,144,145,183,107,122,87,79,19,451,398,488,398,470,463,472,455,411,8,435,8,333,355,339,283,5712,5852,6103,6103,5683,5314,3942,3085,5189,5612,29962,9075,29976,29979,29979,29980,29985,29983,29974,29974]} 1. c4 e5 2. Nc3 Nf6 3. Nf3 Nc6 4. e4 Bb4 5. d3 O-O 6. Be2 {A28: English Opening: Four Knights Variation.} d6 7. O-O Bc5 8. Nd2 {[#] The position is equal.} Nd4 $146 ({Predecessor:} 8... a6 9. Nb3 Ba7 10. Nd5 Nxd5 11. cxd5 Nd4 12. Be3 Nxe2+ 13. Qxe2 Bxe3 14. Qxe3 c5 15. dxc6 bxc6 {½-½ (80) Glavina,P (2408)-Sysolyatin,E (2271) chess.com INT 2020}) 9. Nb3 Nxb3 10. axb3 c6 11. Kh1 Bd4 12. f4 exf4 13. Bxf4 Be6 14. Qe1 Ne8 15. Qg3 Qd7 16. Be3 Bxe3 17. Qxe3 d5 18. exd5 cxd5 {White must now prevent ...d4.} 19. Rf4 (19. d4 $16) 19... dxc4 (19... a6 $11 {keeps the balance.}) 20. bxc4 $16 a6 (20... Nd6 $14) 21. d4 $36 {[%mdl 2048] White is in control.} Nd6 22. d5 {Threatens to win with c5.} Bf5 23. c5 Nb5 24. Bf3 Rfe8 25. Qd2 Re5 26. g4 Bg6 27. Nxb5 Qxb5 28. Qb4 {Qxb5 is the strong threat.} Qd3 29. Qd4 (29. d6 $1 $18) 29... Rae8 {next ...Qc2 is good for Black.} 30. Qxd3 Bxd3 31. b4 ({White should play} 31. Kg1 $16) 31... Kf8 $2 {[%mdl 8192] Black is on the road to losing.} (31... Re3 $11 32. Kg2 Be2) 32. d6 $18 Be4 33. Bxe4 Rxe4 34. Rxe4 Rxe4 {[%mdl 4096] Endgame [#] KR-KR} 35. b5 $1 {[%cal Rb5a6][%mdl 512]} axb5 36. Ra8+ Re8 37. Ra5 $2 (37. Ra7 $18) 37... Rc8 $2 {[%mdl 8192]} (37... Re5 $1 $11 {and Black stays safe.}) 38. Rxb5 Ke8 39. Kg2 (39. Rxb7 Rxc5 40. Re7+ Kd8 $11) 39... b6 $2 (39... Rc6 40. Kf3 (40. Rxb7 Rxc5 41. Re7+ Kd8 $14) 40... Kd8) 40. cxb6 {[%cal Bc5b6,Bb6b7][%mdl 32]} Kd7 41. b7 Rb8 {[#]} 42. Rb6 $1 Ke6 43. Kf3 h6 44. Ke4 g6 45. Kd4 f5 46. gxf5+ {White mates.} gxf5 47. h3 Kf6 48. Kd5 f4 49. Ke4 {Accuracy: White = 75%, Black = 52%.} 1-0

[Event "ESP-chT 1st Division 2020"]
[Site "Padron"]
[Date "2020.10.07"]
[Round "5.3"]
[White "Hernandez, Cristian Andres"]
[Black "Quintin Navarro, Alberto"]
[Result "1/2-1/2"]
[WhiteElo "2320"]
[BlackElo "2383"]
[Annotator "TA"]
[PlyCount "76"]
[EventDate "2020.10.01"]
[EventType "team-tourn"]
[EventCountry "ESP"]
[SourceTitle "playchess.com"]
[Source "ChessBase"]
[SourceQuality "1"]

{[%evp 13,76,0,0,0,0,0,11,0,0,0,0,0,0,0,0,0,0,1,0,-4,3,0,0,0,0,0,0,0,7,0,6,0,0,0,9,0,0,0,0,0,0,0,0,0,0,0,0,0,0,0,0,0,0,0,0,0,0,0,0,0,0,0,0,0,0]} 1. d4 Nf6 2. Nf3 e6 3. c4 d5 4. Nc3 Be7 5. Bf4 O-O 6. e3 b6 7. cxd5 Nxd5 $1 {The position is equal. 7...Nxd5 is better than 7...exd5.} 8. Nxd5 {D37: Queen's Gambit Declined: 5 Bf4.} Qxd5 9. Be2 Ba6 10. O-O c5 11. Bxa6 Nxa6 12. dxc5 {next Bd6 is good for White.} Qxd1 13. Rfxd1 {Strongly threatening c6.} Nxc5 14. Bd6 Bxd6 15. Rxd6 Rfd8 16. Rad1 Nb7 17. Rxd8+ (17. Rd7 {is interesting.} Kf8 18. Kf1 Ke8 19. Rxd8+ Rxd8 20. Rc1) 17... Rxd8 $11 {[%mdl 4096] [#] Endgame KRN-KRN} 18. Rc1 $146 ({Predecessor:} 18. Rxd8+ Nxd8 19. Kf1 Kf8 20. Ke2 Ke7 21. Nd4 a6 22. Kd3 Kd6 23. e4 g6 24. b4 {½-½ (30) Parligras,M (2629)-Bacrot,E (2671) Douglas 2019}) 18... f6 19. Kf1 Rd7 20. Ke2 Kf7 21. b4 e5 22. g4 Nd6 23. Nd2 Ke7 24. h4 Rd8 25. h5 Rc8 26. Rxc8 Nxc8 {KN-KN} 27. Kd3 Nd6 28. Ne4 Ke6 29. Nxd6 Kxd6 {KP-KP} 30. Ke4 g6 31. hxg6 hxg6 32. f4 Ke6 33. f5+ gxf5+ 34. gxf5+ Kd6 35. Kd3 b5 36. Ke4 Kc6 37. Kd3 Kd6 38. Ke4 Kc6 {A rather calm draw. Accuracy: White = 100%, Black = 100%.} 1/2-1/2

[Event "ESP-chT 1st Division 2020"]
[Site "Padron"]
[Date "2020.10.07"]
[Round "5.4"]
[White "Bayo Milagro, Alvaro"]
[Black "Perez Manas, Benjamin"]
[Result "1/2-1/2"]
[WhiteElo "2254"]
[BlackElo "2259"]
[Annotator "TA"]
[PlyCount "65"]
[EventDate "2020.10.01"]
[EventType "team-tourn"]
[EventCountry "ESP"]
[SourceTitle "playchess.com"]
[Source "ChessBase"]
[SourceQuality "1"]

{[%evp 9,65,6,0,-6,10,-18,13,-14,-6,-4,-1,-4,-2,-9,-14,-15,16,11,36,40,0,0,0,-22,-12,-27,-12,-17,-3,-20,-24,-31,0,-61,-30,-62,-28,-61,-8,-7,0,0,9,9,34,0,7,1,36,36,36,32,34,35,32,13,25,5]} 1. c4 e5 2. Nc3 Nf6 3. Nf3 Nc6 4. e4 Bb4 5. d3 d6 6. Be2 {A28: English Opening: Four Knights Variation.} O-O {6...Bg4 is the fancy move.} 7. O-O h6 8. Ne1 {The position is equal.} Nd4 9. Nc2 Bc5 {[#]} 10. Nxd4 $146 ({Predecessor:} 10. Be3 Nxc2 11. Qxc2 Nh7 12. Qd2 Bxe3 13. fxe3 c6 14. d4 Qe7 15. d5 c5 16. a3 {0-1 (42) Solin,I-Saemisch,F Helsinki 1936}) 10... Bxd4 11. Kh1 c6 12. f4 Be6 13. f5 Bc8 14. g4 d5 15. Bf3 {[%cal Re4d5]} dxc4 16. dxc4 Nh7 17. Ne2 Bc5 18. Bd2 Qe7 19. Qe1 Rd8 20. Rd1 a5 21. Ng3 (21. Qg3 $11) 21... b6 22. b3 Bd7 23. Be2 f6 (23... Bb4 $15) 24. h4 $11 Bb4 (24... Be8 {keeps more tension.} 25. Bc1 Nf8 26. Kg2 Rd4 27. Bd3 Rad8) 25. Qf2 Bxd2 26. Rxd2 c5 (26... Be8 $5 {[%cal Rd8d2]} 27. Rxd8 Qxd8 $11) 27. Bf3 Bc6 28. Rfd1 Rd4 29. Ne2 Rxd2 30. Rxd2 Rd8 31. Qe1 Nf8 32. a3 Kf7 33. Kg2 {Accuracy: White = 77%, Black = 69%.} 1/2-1/2

[Event "ESP-chT 1st Division 2020"]
[Site "Padron"]
[Date "2020.10.07"]
[Round "5.5"]
[White "Martinez Ramirez, Erik"]
[Black "Vela Frago, Alberto"]
[Result "1-0"]
[WhiteElo "2231"]
[BlackElo "2071"]
[Annotator "TA"]
[PlyCount "95"]
[EventDate "2020.10.01"]
[EventType "team-tourn"]
[EventCountry "ESP"]
[SourceTitle "playchess.com"]
[Source "ChessBase"]
[SourceQuality "1"]

{[%evp 13,95,28,39,12,6,-81,-78,-129,-117,-124,-123,-155,-56,-58,15,25,43,44,29,0,15,17,11,6,6,4,0,6,6,-11,-8,-6,-7,-14,-7,-6,-7,-11,-5,-81,-84,-77,-87,-95,-8,-8,-8,-8,0,0,0,0,0,0,0,0,0,0,0,0,8,8,83,-1122,572,435,2678,2370,4614,4614,29975,29977,29976,29977,29983,29984,29984,29985,29985,29986,29996,29996,29997,29998]} 1. e4 e5 2. Nf3 Nc6 3. Bc4 Nf6 4. Ng5 d5 5. exd5 Na5 6. Bb5+ Bd7 7. Qe2 Be7 8. Bxd7+ {C58: Two Knights: 4 Ng5 d5 5 exd5 Na5 sidelines.} Qxd7 9. Qxe5 (9. c4 $11) 9... Nxd5 $17 10. Nc3 (10. Nf3 $142) 10... Nb4 $1 {[%cal Rb4c2]} 11. O-O Nac6 {[#]} 12. Qe4 $146 ({Predecessor:} 12. Qxg7 O-O-O 13. Nge4 f5 14. Nf6 Qe6 15. Nh5 Rdg8 16. Nf4 Qd6 17. Qf7 Qxf4 18. Nd5 Rxg2+ 19. Kxg2 Qg4+ 20. Kh1 Qf3+ 21. Kg1 Nxd5 22. Qg7 {0-1 (22) Lyell,M (2228)-Gozzoli,Y (2523) La Massana 2013}) 12... h6 ({Black should try} 12... f5 $1 $17 {[%cal Rf5e4]} 13. Qe6 O-O-O) 13. a3 Nxc2 (13... f5 $15 14. Qc4 Ne5) 14. Nxf7 $1 $11 Rf8 15. Qxc2 Rxf7 16. Qg6 (16. d3 {with more complications.} Nd4 17. Qd1 O-O-O 18. Be3 Bf6 19. Rc1) 16... Qf5 (16... Ne5 {looks sharper.} 17. Qe4 Nd3 18. Qxb7 Rd8 19. Nd1 Bc5) 17. Qxf5 Rxf5 18. d3 O-O-O 19. Rd1 Nd4 20. Rb1 Nb5 21. Kf1 {[#]} Bxa3 $1 {[%mdl 512]} 22. Nxb5 (22. bxa3 Nxc3) 22... Rxb5 23. Bxh6 $1 gxh6 24. bxa3 Rxb1 25. Rxb1 Rxd3 {[%mdl 4096] Endgame KR-KR} 26. Ke2 (26. g4 $11) 26... Rxa3 $17 27. f4 {[#]} b6 $1 28. Rd1 {[#]} b5 (28... h5 $1 $17) 29. f5 $11 Ra6 30. g4 Rd6 {...Rxd1 is the strong threat.} 31. Ra1 a6 32. Kf3 b4 33. h4 b3 34. g5 {And now g6 would win.} hxg5 35. hxg5 {Black must now prevent g6.} Kd7 36. Re1 {Hoping for g6.} Rd3+ 37. Kg4 b2 (37... Rd4+ $11 38. Kf3 Rd3+ 39. Kf4 Rd4+ 40. Ke5 Rd6) 38. g6 $2 {[%mdl 8192]} (38. f6 $16 Rd4+ 39. Kf5) 38... Re3 $4 {[%mdl 8192]} (38... Rb3 $19 {avoids the disaster.} 39. Rd1+ Ke7 40. Re1+ Kf8) 39. Rb1 $18 {Strongly threatening f6.} Re2 (39... Ke7 $142) 40. Kf3 Re5 41. Kf4 Rb5 42. g7 {White mates.} Rb8 {[#]} 43. Rxb2 $1 {[%mdl 512]} Rg8 (43... Rxb2 44. g8=Q) 44. f6 Ke6 45. Kg5 Kf7 46. Re2 {[%csl Gf6][%cal Re2e7]} Rb8 47. Re7+ {[%mdl 64] Double Attack} Kg8 48. Kg6 {Accuracy: White = 72%, Black = 59%.} 1-0

[Event "ESP-chT 1st Division 2020"]
[Site "Padron"]
[Date "2020.10.07"]
[Round "5.6"]
[White "Gracia Laguens, Asuncion"]
[Black "Castillo Escario, Yolanda"]
[Result "0-1"]
[WhiteElo "1414"]
[BlackElo "2006"]
[Annotator "TA"]
[PlyCount "52"]
[EventDate "2020.10.01"]
[EventType "team-tourn"]
[EventCountry "ESP"]
[SourceTitle "playchess.com"]
[Source "ChessBase"]
[SourceQuality "1"]

{[%evp 20,52,-9,-28,-12,-12,-4,-26,-12,-17,-15,-21,-17,-74,-70,-46,-36,-111,-118,-111,-113,-142,-107,-116,-120,-210,-46,-883,-883,-1208,-1193,-1262,-1214,-1474,-1376]} 1. c4 c6 2. Nf3 d5 3. b3 Nf6 4. Bb2 Bf5 5. g3 e6 6. Bg2 Be7 7. O-O O-O 8. d3 h6 9. Nbd2 Bh7 10. Qc2 Nbd7 11. Rfe1 a5 {A12: English Opening: 1...c6 with b3 by White.} 12. a3 Qb6 13. h3 Bc5 {Black has an edge.} 14. e3 Rfd8 15. Rad1 {[#]} Rac8 $146 ({Predecessor:} 15... Bd6 16. Nf1 e5 17. e4 Re8 18. Nh4 Nc5 19. Nd2 Rad8 20. Re3 dxe4 21. dxe4 Ne6 {0-1 (49) Scherer,M-Wilde,M Kehl 1989}) 16. Re2 (16. Qc3 $11 {remains equal.}) 16... Be7 $17 17. e4 dxe4 18. Nxe4 ({White should play} 18. dxe4 $15 Nh5 19. Kh2) 18... Nxe4 19. dxe4 Nc5 $1 20. Nd2 Rd3 21. Bc3 {next b4 is good for White.} Rcd8 22. Kh2 {[#]} (22. Ree1 $17) 22... Nxe4 $2 (22... Bxe4 $1 $19 {[%mdl 512]} 23. Nxe4 Rxd1) 23. Bb2 $2 {[%mdl 8192] This move loses the game for White.} (23. Bxe4 $15 Bxe4 24. c5 Bxc5 25. Rxe4 Bxf2 26. Nc4 (26. Be5 $2 Bg1+ {[%mdl 64] Deflection} 27. Rxg1 Rxd2+ {[%mdl 64] Double Attack} 28. Re2 Rxc2 $19) 26... Bxg3+ 27. Kg2) 23... Nxd2 $19 {Black is clearly winning.} 24. Rexd2 Rxd2 25. Qc3 Bf6 26. Rxd2 Bxc3 {Accuracy: White = 37%, Black = 77%.} 0-1

[Event "ESP-chT 1st Division 2020"]
[Site "Padron"]
[Date "2020.10.07"]
[Round "5.7"]
[White "Suarez Gomez, Julio"]
[Black "Salgado Lopez, Ivan"]
[Result "1/2-1/2"]
[WhiteElo "2426"]
[BlackElo "2595"]
[Annotator "TA"]
[PlyCount "80"]
[EventDate "2020.10.01"]
[EventType "team-tourn"]
[EventCountry "ESP"]
[SourceTitle "playchess.com"]
[Source "ChessBase"]
[SourceQuality "1"]

{[%evp 19,80,-1,-16,-14,-25,-14,0,0,0,-6,0,0,0,0,0,0,63,-12,-18,-13,0,-23,-16,-13,-15,-20,-49,-38,0,0,15,15,15,15,15,15,15,15,20,21,19,19,19,37,23,36,67,68,67,15,15,15,15,15,15,15,15,15,28,19,71,15,15]} 1. e4 c5 2. Nf3 d6 3. d4 cxd4 4. Nxd4 Nf6 5. Nc3 a6 6. f4 e5 7. Nf3 Nbd7 8. Bd3 Be7 9. O-O O-O 10. Kh1 b5 {[%cal Bb7b5,Bb5b4][%mdl 32]} 11. a4 {B93: Sicilian Najdorf: 6 f4.} b4 12. Nd5 {[#]} Bb7 $146 ({Predecessor:} 12... Nc5 13. fxe5 dxe5 14. Nxe5 Bb7 15. Nxb4 Nxd3 16. Nbxd3 Nxe4 17. Be3 Qd5 18. Nf3 Rad8 {½-½ (66) Poleshchuk,N (2424)-Zhak,B (2556) ICCF email 2009}) 13. Nxe7+ Qxe7 14. Qe1 a5 15. fxe5 dxe5 16. Nh4 Qe6 17. Nf5 Ne8 ({Black should try} 17... g6 $11 18. Nh6+ Kh8) 18. Qg3 (18. Qh4 $14) 18... Kh8 $11 19. Be3 Rc8 20. b3 g6 21. Nh6 f6 22. Rad1 Nd6 23. Qh4 Qe7 (23... g5 $5 {[%cal Rg5h4]} 24. Qg4 Qxg4 25. Nxg4 h5 $15) 24. Rf2 Nc5 25. Bxc5 Rxc5 26. Rdf1 Rc7 27. Rxf6 Rxf6 28. Qxf6+ Qxf6 29. Rxf6 Nxe4 30. Rf7 Rxf7 31. Nxf7+ {[%mdl 4096] Endgame KBN-KBN} Kg7 32. Nxe5 {Black must now prevent Nc4.} Nd6 33. Kg1 Kf6 34. Ng4+ (34. Nd7+ $14 Ke6 35. Nf8+ Ke5 36. Kf1 (36. Nxh7 Be4 $11)) 34... Kg5 $1 {[%cal Rg5g4]} 35. Ne3 Kf4 36. Kf2 Ke5 37. Ke2 Kd4 38. Kd2 Be4 39. g3 g5 {[#]} (39... Bc6 $11) 40. Nc4 ({Better is} 40. g4 $1 $16) 40... Nxc4+ {Accuracy: White = 85%, Black = 80%.} 1/2-1/2

[Event "ESP-chT 1st Division 2020"]
[Site "Padron"]
[Date "2020.10.07"]
[Round "5.8"]
[White "Brunello, Sabino"]
[Black "Reinaldo Castineira, Roi"]
[Result "0-1"]
[WhiteElo "2539"]
[BlackElo "2469"]
[Annotator "TA"]
[PlyCount "88"]
[EventDate "2020.10.01"]
[EventType "team-tourn"]
[EventCountry "ESP"]
[SourceTitle "playchess.com"]
[Source "ChessBase"]
[SourceQuality "1"]

{[%evp 9,88,22,27,29,31,27,27,27,31,22,32,15,6,8,15,35,25,25,31,27,81,82,137,136,132,140,141,140,141,131,137,114,143,134,165,165,159,152,176,169,170,152,159,154,156,118,130,127,156,121,121,127,131,0,0,-172,-153,-379,-380,-391,-377,-496,-448,-411,-377,-445,-450,-438,-379,-448,-435,-670,-509,-602,-315,-845,-845,-1624,-1201,-29991,-29992]} 1. d4 e6 2. c4 Nf6 3. Nf3 d5 4. Nc3 a6 5. cxd5 exd5 6. Bg5 {D37: Queen's Gambit Declined: 5 Bf4.} c6 7. Qc2 Be6 8. e3 {White has an edge.} Nbd7 9. Bd3 Bd6 10. h3 Qc7 {[#]} 11. Ne2 $146 ({Predecessor:} 11. Bf5 Bxf5 12. Qxf5 g6 13. Qc2 h6 14. Bxf6 Nxf6 15. O-O-O O-O-O 16. Kb1 Kb8 17. Nd2 {½-½ (60) Medic,M (2244)-Kopinits,A (2272) Radenci 2019}) 11... Qa5+ 12. Kf1 O-O 13. Bf4 Bxf4 14. Nxf4 Rae8 (14... Rfe8 $11) 15. Ng5 $36 {[%cal Rd3h7][%mdl 2048] Keeping Black busy.} h6 (15... g6 $142) 16. Bh7+ $1 Kh8 17. Ngxe6 Rxe6 18. Nxe6 fxe6 19. Bg6 e5 20. g3 Qb4 21. Rd1 Qd6 22. f4 e4 23. Kg2 Ng8 {[#]} 24. Bh5 $1 Ne7 25. Bg4 Nf6 26. Qc5 Qd8 27. Be6 g6 28. Kf2 Nh7 29. Rdg1 h5 {[#]} 30. h4 $1 Nf5 31. g4 (31. Qb4 $16) 31... Ng7 $11 32. gxh5 $2 (32. Bc8 $1 $11 Qxc8 33. gxh5 Nxh5 34. Rxg6) 32... Nxe6 $19 33. Qc1 $2 {Loses the game.} (33. Qb4 $17 gxh5 34. Qxb7) 33... gxh5 34. Rg6 Rf6 35. Qg1 Qe8 36. Rg3 Rf7 37. Ke2 c5 38. dxc5 Nxc5 39. Kd2 Nf6 40. Qc1 (40. Kc1 $142) 40... Qb5 41. Rg5 b6 {aiming for ...d4!} 42. Rhg1 $2 {[#]} (42. Qc3 Kh7 43. Rhg1) 42... d4 $1 {White must now prevent ...dxe3+.} 43. R1g3 (43. exd4 e3+) 43... Rd7 44. Qc2 Qb4+ {Accuracy: White = 56%, Black = 70%.} 0-1